Normal view
MARC view
- Supervised by Moiz Ahmed Pirkani
Entry Personal Name
001 - CONTROL NUMBER
- control field: 132397
003 - CONTROL NUMBER IDENTIFIER
- control field: NUST
005 - DATE AND TIME OF LATEST TRANSACTION
- control field: 20251217152241.0
008 - FIXED-LENGTH DATA ELEMENTS
- fixed length control field: 251217|| aca||aabn | a|a d
040 ## - CATALOGING SOURCE
- Original cataloging agency: NUST
- Transcribing agency: NUST
100 ## - HEADING--PERSONAL NAME
- Personal name: Supervised by Moiz Ahmed Pirkani
670 ## - SOURCE DATA FOUND
- Source citation: Work cat.: (NUST)212140: Zed, ,Muhammad Faizan (TCC-22) 132396, Design of Prototype for Video Surveillance on Unmanned Aerial Vehicles /, June-2014
